<?xml version="1.0" encoding="UTF-8"?><?xml-stylesheet type="text/xsl" href="static/style.xsl"?><OAI-PMH xmlns="http://www.openarchives.org/OAI/2.0/" xmlns:xsi="http://www.w3.org/2001/XMLSchema-instance" xsi:schemaLocation="http://www.openarchives.org/OAI/2.0/ http://www.openarchives.org/OAI/2.0/OAI-PMH.xsd"><responseDate>2026-06-03T01:32:12Z</responseDate><request verb="GetRecord" identifier="oai:riuma.uma.es:10630/6357" metadataPrefix="marc">https://riuma.uma.es/rest/oai/request</request><GetRecord><record><header><identifier>oai:riuma.uma.es:10630/6357</identifier><datestamp>2026-02-03T12:52:58Z</datestamp><setSpec>com_10630_5701</setSpec><setSpec>com_10630_3139</setSpec><setSpec>com_10630_10</setSpec><setSpec>col_10630_6340</setSpec></header><metadata><record xmlns="http://www.loc.gov/MARC21/slim" xmlns:dcterms="http://purl.org/dc/terms/" xmlns:doc="http://www.lyncode.com/xoai" xmlns:xsi="http://www.w3.org/2001/XMLSchema-instance" xsi:schemaLocation="http://www.loc.gov/MARC21/slim http://www.loc.gov/standards/marcxml/schema/MARC21slim.xsd">
   <leader>00925njm 22002777a 4500</leader>
   <datafield ind2=" " ind1=" " tag="042">
      <subfield code="a">dc</subfield>
   </datafield>
   <datafield ind2=" " ind1=" " tag="720">
      <subfield code="a">Cruces Blanco, Esther</subfield>
      <subfield code="e">author</subfield>
   </datafield>
   <datafield ind2=" " ind1=" " tag="260">
      <subfield code="c">2012</subfield>
   </datafield>
   <datafield ind2=" " ind1=" " tag="520">
      <subfield code="a">Málaga a lo largo de la Historia ha sido conocida por diversas industrias y el comercio que&#xd;
de ellas derivaba, siendo la industria metalúrgica la que adquirió relevancia debido a la pujanza&#xd;
que obtuvo y a la mano de obra que de ella dependía. Esta actividad tuvo sus coletazos en la&#xd;
empresa “La Metalúrgica S.A.” cuyo archivo fotográfico ha sido recuperado recientemente para&#xd;
su uso público. Los documentos de las empresas y de las industrias son piezas fundamentales&#xd;
para el conocimiento de las mismas</subfield>
   </datafield>
   <datafield ind2=" " ind1=" " tag="520">
      <subfield code="a">Málaga was well known a long History by several industries and the trade that they leaded,&#xd;
beeing the steel industry the one that acquired relevance because the force of it and the labour&#xd;
force it needed.This activity had its last brighter with the firm “La Metalúrgica S.A.” of wich&#xd;
photography archive had been recovered recently for public use. The bussiness and industries&#xd;
archives are primary items for the knowledge of them</subfield>
   </datafield>
   <datafield ind1="8" ind2=" " tag="024">
      <subfield code="a">CRUCES BLANCO, ESTHER. "Documentación fotográfica de la empresa "La Metalúrgica S. A." conservada en el Archivo Histórico Provincial de Málaga. Los documentos fotográficos" Baética, 34, 2012, 265-282</subfield>
   </datafield>
   <datafield ind1="8" ind2=" " tag="024">
      <subfield code="a">0212-5099</subfield>
   </datafield>
   <datafield ind1="8" ind2=" " tag="024">
      <subfield code="a">http://hdl.handle.net/10630/6357</subfield>
   </datafield>
   <datafield tag="653" ind2=" " ind1=" ">
      <subfield code="a">Industria metalúrgica - Málaga - Historia</subfield>
   </datafield>
   <datafield ind2="0" ind1="0" tag="245">
      <subfield code="a">Documentación fotográfica de la empresa "La Metalúrgica S. A." conservada en el Archivo Histórico Provincial de Málaga. Los documentos fotográficos</subfield>
   </datafield>
</record>
</metadata></record></GetRecord></OAI-PMH>